00687nam a2200241 a 4500001001300000003000900013005001700022008004100039020001000080082001500090100002200105245003800127260005900165300000900224500003500233505001000268650002200278700002200300902000800322942000700330952009300337999001500430nice12345678IN_TiNIC20260116011654.0050524s1973 bana grp 000 0 eng  ac6.500a269.2bTAY aTaylor, Richard W aContributions of E.Stanley Jones. aBangalorebChristian Instt.For Study of Religionc1973 a120p aincludes index and biblioraphy2 aIndex aEvangelistic Work1 aTaylor, Richard W bSRS cBK 00104070aHMIbHMId2008-03-07g6.50l0o269.2 TAYp07019r2008-03-07w2026-01-16yEB c3307d3307